Life in ancient Egypt /

محفوظ في:

المؤلف الرئيسي: Ḥātim, Muḥammad ʿAbd al-Qādir (مؤلف)

التنسيق: كتاب

اللغة: English

منشور في: [Cairo] : Al Aharm Commercial Press, [1982].

الطبعة: 2nd ed.

الموضوعات:

الوسوم: إضافة وسم

لا توجد وسوم, كن أول من يضع وسما على هذه التسجيلة!

رقم الطلب: DT61 .H37 1982

LEADER 00832namaa2200253 4500
001 21839
003 OSt
005 20250624125657.0
008 130303s1982 ua af 000 0 eng d
040 |c ARCE Library 
043 |a f-ua--- 
050 4 |a DT61 .H37 1982 
100 1 |6 880-01  |a Ḥātim, Muḥammad ʿAbd al-Qādir,  |e author 
245 1 0 |a Life in ancient Egypt /   |c By M. Abdel-Kader Hatem.  
250 |a 2nd ed. 
264 1 |a [Cairo] :   |b Al Aharm Commercial Press,   |c [1982]. 
300 |a 177 pages, 1 unnumbered leaf of color plate :   |b color illustrations ;   |c 21 cm. 
555 |a wafaa.lib 
651 0 |a Egypt  |x Civilization  |y To 332 B.C. 
651 0 |a Egypt   |x Social life and customs   |y To 332 B.C. 
880 1 |6 100-01/(3/r  |a حاتم، محمد عبد القادر 
901 |a reviewed 
942 |c BK  |2 lcc 
999 |c 21456  |d 21456